Регионална библиотека "Любен Каравелов" - Русе

Плуване от А до Я (Запис номер 57405)

MARC детайли
000 -Лидер
Контролно поле с фиксирана дължина 01337nam a2200325 c 4500
003 - Код на организацията, давaща контролен номер
Контролно поле BLK
005 - Дата и час на последна редакция
Контролно поле 20180420222700.0
008 - Елементи от данни с фиксирана дължина
fixed length control field 180408b bul|||||r ||||||| ||bul||
010 ## - Наследен системен номер
LC control number KNG00061408000
040 ## - Източник на каталожния запис
Идентификатор на билиотеката - собственик на записа BLK
041 ## - Код за език
Код за езика на текст/звукозапис или на отделно заглавие Български
Код за езика КДБФ Български
080 ## - УДК
Текстов определител УДК Плуване. Подводен спорт. Водни игри. Скокове във вода
УДК код - определител по УДК 797.2
УДК определител (038)
УДК - код + определител 797.2(038)
100 1# - Редна дума - Автор
Автор Попов, Иван Христов
Авторска отговорност първи автор
R(LIN) 259380
139 ## - Редно поле
Редна дума Попов, Иван Христов и др.
Авторски знак Попов - П 76
245 10 - Сведения за заглавието
Заглавие Плуване от А до Я
Подзаглавни данни Терминологичен речник
Редно поле (дума) Иван Христов Попов; съавт. Герт Валтер; съавт. Христо Константинов.
257 ## - Страна на издаване
Страна на създаване/издаване България
260 ## - Област на издателските данни
-- София
Име на издателя, разпространителя и проч. Медицина и физкултура
Година на издаване 1986
300 ## - Физическа характеристика
Страници 135 с.
Илюстрации и др. с ил., сх., табл.
Размери/Мащаб 22 см
380 ## - Жанр
Жанр 793/799 Спорт
650 #4 - Допълнително описание по предмет – тема
Основно описание – тема или топоним Плуване - терминология, речници
9 (RLIN) 287601
653 ## - Ключова дума – ненормативна
Ключова дума плуване
653 ## - Ключова дума – ненормативна
Ключова дума терминологични речници
700 1# - Други автори (авторска отговорност)
Лично име Валтер, Герт
Автороска отговорност (Описва отношението между автора и произведението) съавт.
9 (RLIN) 287599
700 1# - Други автори (авторска отговорност)
Лично име Константинов, Христо
Автороска отговорност (Описва отношението между автора и произведението) съавт.
9 (RLIN) 287600
852 ## - Местоположение
Форматна сигнатура Цб 141643
856 4# - Електронен адрес и достъп
Електронен формат pdf - файл
Път до файла /url/
856 4# - Електронен адрес и достъп
Електронен формат pdf - файл
Път до файла /url/
942 ## - АРТИКУЛИ
Вид на библиотечния материал Книги
Скрит в OPAC Не
944 ## - СЪЗДАВАНЕ И РЕДАКЦИЯ на ЗАПИСА
Създаване/Редакция Създаване
Дата на регистрацията/редакция 13.06.2004
Служител, извършил регистрацията/редакцията Читалня
944 ## - СЪЗДАВАНЕ И РЕДАКЦИЯ на ЗАПИСА
Създаване/Редакция Редакция
Дата на регистрацията/редакция 08.09.2015
Служител, извършил регистрацията/редакцията
999 ## - СИСТЕМНИ КОНТРОЛНИ НОМЕРА
Koha biblionumber 57405
Koha biblioitemnumber 57405
Наличности
Код за отписване Код за изгубен артикул Източник на класификационната схема Код за повреда Коз за рестрикции Код за отдаване Артикулен № Име на библиотеката - собственик Име на библиотеката, в която се намира в момента Статус (Текущо местоположение) Дата на вписване в системата Местоположение - отдел Цена в лева Инвентарен номер Систематично азбучна сигнатура Баркод Номер на екземпляра Цена в евро Служебна бележка Служебен тип на артикула
Изтеглен Не е изгубен Universal Decimal Classification Не е повреден без рестрикции ползва се в читалня 92991 Регионална библиотека "Любен Каравелов" Русе Регионална библиотека "Любен Каравелов" Русе Читалня - справочен фонд 1993-01-01 Читалня - справочен фонд 0.55 451722 СЧ 796/799/П 76И 451722 1 0.28 Дата инв: 20.03.2017 Бележки инв: СЧ2017 Книги
  Не е изгубен Universal Decimal Classification Не е повреден без рестрикции ползва се в читалня 92992 Регионална библиотека "Любен Каравелов" Русе Регионална библиотека "Любен Каравелов" Русе Хранилище 1986-01-01 Хранилище 0.55 448414 Цб 141643 120000448414 2 0.28 Дост: Dp Вид: Сф Дата: 01.01.1986 Книги
Изтеглен Не е изгубен Universal Decimal Classification Не е повреден без рестрикции заемане за дома 92993 Регионална библиотека "Любен Каравелов" Русе Регионална библиотека "Любен Каравелов" Русе Заемна - подръчен фонд 1986-01-01 Заемна - подръчен фонд 0.50 451720 П 797.2/П 76 451720 3 0.26 Дост: Pk Вид: Сф Дата: 01.01.1986 Книги
Изтеглен Не е изгубен Universal Decimal Classification Не е повреден без рестрикции заемане за дома 92994 Регионална библиотека "Любен Каравелов" Русе Регионална библиотека "Любен Каравелов" Русе Заемна - подръчен фонд 1986-01-01 Заемна - подръчен фонд 0.50 451721 П 797.2/П 76 451721 4 0.26 Дост: Pk Вид: Сф Дата: 01.01.1986 Книги
Vip Innovations Ltd, Rousse, Bulgaria 2025